Microsoft Systems Management Server 2.0 Training Kit (E-BOOK) (Record no. 191113)
[ view plain ]
| 000 -LEADER | |
|---|---|
| fixed length control field | 00919 a2200145 4500 |
| 003 - CONTROL NUMBER IDENTIFIER | |
| control field | Nust |
| 005 - DATE AND TIME OF LATEST TRANSACTION | |
| control field | 20170207154009.0 |
| 022 ## - INTERNATIONAL STANDARD SERIAL NUMBER | |
| International Standard Serial Number | 1-57231-834-1 |
| 040 ## - CATALOGING SOURCE | |
| Transcribing agency | Nust |
| 082 ## - DEWEY DECIMAL CLASSIFICATION NUMBER | |
| Classification number | 005.71 |
| 245 ## - TITLE STATEMENT | |
| Title | Microsoft Systems Management Server 2.0 Training Kit (E-BOOK) |
| 260 ## - PUBLICATION, DISTRIBUTION, ETC. | |
| Place of publication, distribution, etc. | Microsoft Corporation |
| Date of publication, distribution, etc. | 1999 |
| 505 ## - FORMATTED CONTENTS NOTE | |
| Formatted contents note | Chapter 1 .Introduction to Microsoft Systems Management Server, Chapter 2 .Installing a Primary Site, Chapter 3 .Administering Inventory Collection, Chapter 4 .Distributing Software, Chapter 5 .SMS Software Metering, Chapter 6 .Using Remote Tools, Chapter 7 .SMS Network Management Components, Chapter 8 .Querying the Database and Producing Reports, Chapter 9 .Planning for SMS, Chapter 10 .Configuring Site Systems, Chapter 11 .Site-to-Site Communications, Chapter 12 .Configuring SMS Security, Chapter 13 .Administering SMS Databases, Chapter 14 .Monitoring and Troubleshooting SMS |
| 651 ## - SUBJECT ADDED ENTRY--GEOGRAPHIC NAME | |
| Geographic name | E-BOOK |
| 942 ## - ADDED ENTRY ELEMENTS (KOHA) | |
| Source of classification or shelving scheme | |
| Koha item type | Book |
| Withdrawn status | Lost status | Source of classification or shelving scheme | Damaged status | Not for loan | Collection code | Permanent Location | Current Location | Date acquired | Total Checkouts | Full call number | Barcode | Date last seen | Price effective from | Koha item type |
|---|---|---|---|---|---|---|---|---|---|---|---|---|---|---|
| Military College of Signals (MCS) | Military College of Signals (MCS) | 12/12/2016 | 005.71 MIC | MCSEB-605 | 12/08/2016 | 12/12/2016 | Book |
